00828nam a22002417a 4500999001500000001000600015003000900021005001700030008004100047020001800088040003300106082001600139100001700155245007400172250001300246260003400259300004600293504005100339650004500390700002200435942001500457952011400472 c7515d751521179BD-DhUAP20210123161121.0201124r20102009nyua b 001 0 eng d a9788131729526 aDNLM/DLCcDLCdBD-DhUAPbEng00223a005 LIN aLin, Calvin. aPrinciples of parallel programming /cCalvin Lin and Lawrence Snyder. a11th ed. aNew Delhi :bPearson,cc2010. axii, 338 pages :billustrations ;c27 cm. aIncludes bibliographical references and index. aParallel programming (Computer science). aSnyder, Lawrence.00012ddccBK 00102ddc4070aUAPCLbUAPCLcGeneral Stacksd2021-01-23o005 LINp3010021179r2021-01-23t1w2021-01-23yBK